00442nam a2200157Ia 4500003000400000008004100004040001600045082001300061100002000074245007800094260004200172300000900214490002400223650001500247650002200262GCL140319s9999 xx 000 0 eng d aGCL / cGCL04a843bT D1 aTCHEKHOV, ANTON10aLA DAME AU PETIT CHIEN SUIVI DE AU ROYAUME DES FEMMES / cTCHEKHOV, ANTON a[S.N] : bLE LIVRE DE POCHE ، c1995 a89 P aCOLLECTION FOLIOv004aLITERATURE04aFRENCH LITERATURE